| 000 | 01805nam0a2200337 4500 | ||
|---|---|---|---|
| 001 | RU\NLR\bibl\839727 | ||
| 005 | 20260405082331.0 | ||
| 021 |
_aRU _b2005-48407 _92359 |
||
| 021 |
_aRU _b2005-45089 _92218 |
||
| 035 | _a(NLR Aleph) 000828554 | ||
| 090 |
_a1346128 _c1346128 |
||
| 100 | _a20050913d2004 |||y0rusy50 ca | ||
| 101 | 0 | _arus | |
| 102 | _aRU | ||
| 105 | _aa ||||||||| | ||
| 200 | 1 |
_aНадежность гидротехнических сооружений _eконспект лекций _e[для аспирантов и студентов 4-5 курсов гидротехнической специальности] _fВ.С. Перехвальский, А.М. Иванов _gМ-во трансп. Рос. Федерации, Новосиб. гос. акад. вод. трансп. |
|
| 210 |
_aНовосибирск _cНовосибирская государственная академия водного транспорта _d2004 |
||
| 215 |
_a47 с. _cил. _d21 |
||
| 320 | _aБиблиогр.: с. 46 (11 назв.) | ||
| 606 | 1 |
_aГидротехнические сооружения _jРуководства, пособия и т.п. _xНадежность _91441343 _3RU\NLR\auth\66299448 |
|
| 606 | 1 |
_aГидротехнические сооружения _jУчебные издания _xНадежность _91441343 _3RU\NLR\auth\66299448 |
|
| 686 | _aН77-022.11я7-2 | ||
| 700 | 1 |
_aПерехвальский _bВ. С. _gВладимир Сергеевич _4070 |
|
| 701 | 1 |
_4070 _7ca _8rus _aИванов _bА. М. _cгидротехник _gАлексей Михайлович _912058 _3RU\NLR\AUTH\7729029 |
|
| 801 | 0 |
_aRU _bNLR _c20050913 _grcr |
|
| 801 | 1 |
_aRU _bNLR _c20050913 |
|
| 830 | _aАвт. по кн | ||
| 942 | _cBOOK | ||
| 980 | _aNB | ||